Ładuje się......
Think and grow rich
| 1. autor: | |
|---|---|
| Format: | Printed Book |
| Wydane: |
Manjul Publishing House
2013
|
| LEADER | 00386nam a22001217a 4500 | ||
|---|---|---|---|
| 020 | |a 9788183223652 | ||
| 082 | |a 080 |b HIL.T | ||
| 100 | |a NAPOLEON HILL | ||
| 245 | |a Think and grow rich | ||
| 260 | |b Manjul Publishing House |c 2013 | ||
| 942 | |c BK | ||
| 999 | |c 121 |d 121 | ||
| 952 | |0 0 |1 0 |4 0 |6 080_000000000000000_HIL_T |7 0 |8 NFIC |9 115 |a CAMPUS |b CAMPUS |c GEN |d 2014-11-20 |l 0 |o 080 HIL.T |p 18539 |r 2014-11-20 |w 2014-11-20 |y BK | ||